| 000 | 00945nas a2200301 4500 | ||
|---|---|---|---|
| 001 | BR7801525 | ||
| 003 | BR-BrBNA | ||
| 005 | 20231205083355.0 | ||
| 007 | ta | ||
| 008 | 230509b bl.|||p| |||| 00| 00por d | ||
| 040 |
_aBR-BrBNA _bpor _cBiblioteca Nacional de Agricultura |
||
| 041 | _a(Pt) | ||
| 072 | _aL30 | ||
| 100 | 1 | _aVilela, H. | |
| 100 | 1 | _aNascimento, C.H.F. | |
| 100 | 1 | _aOliveira, S. de | |
| 100 | 1 | _aGontijo, R.M. | |
| 245 | 1 | _aEfeito de pastagens de graminea e de graminea e leguminosas sobre o ganho em peso de novilhos, 1: Epoca da seca | |
| 650 | _aNOVILHO | ||
| 650 | _aGRAMINEA FORRAGEIRA | ||
| 650 | _aLEGUMINOSA FORRAGEIRA | ||
| 650 | _aPASTAGEM | ||
| 650 | _aSECA | ||
| 650 | _aPESO | ||
| 773 | 0 |
_tArquivos da Escola de Veterinaria da Universidade Federal de Minas Gerais (Brazil) _xISSN 0365-8384 _g(1977), v. 29(1) p. 11-17 _wBR7801525 |
|
| 909 |
_a202311 _bLúcia _c55 _dLúcia Elande |
||
| 942 |
_2AGRIS _n0 _cANA |
||
| 999 |
_c98309 _d98309 |
||